La música en el siglo XX (Record no. 137592)

MARC details
000 -LEADER
campo de control de longitud fija 00700nam a2200205 i 4500
001 - NÚMERO DE CONTROL
campo de control 137592
003 - IDENTIFICADOR DE NÚMERO DE CONTROL
campo de control ES-MaACL
005 - FECHA Y HORA DE LA ÚLTIMA TRANSACCIÓN
campo de control 20250823105354.0
007 - CAMPO FIJO DE DESCRIPCIÓN FÍSICA--INFORMACIÓN GENERAL
campo de control de longitud fija t|
008 - DATOS DE LONGITUD FIJA--INFORMACIÓN GENERAL
campo de control de longitud fija 070214s1936 sp r ||||1| spa d
100 1# - ENTRADA PRINCIPAL--NOMBRE DE PERSONA
Nombre de persona Salazar, Adolfo,
Fechas asociadas al nombre 1890-1958
9 (RLIN) 101798
245 13 - MENCIÓN DEL TÍTULO
Título La música en el siglo XX
Resto del título : ensayo de crítica y de estética desde el punto de vista de la función social /
Mención de responsabilidad, etc. Adolfo Salazar.
260 ## - PUBLICACIÓN, DISTRIBUCIÓN, ETC.
Lugar de publicación, distribución, etc. Madrid :
Nombre del editor, distribuidor, etc. Edic. del Arbol,
Fecha de publicación, distribución, etc. 1936.
300 ## - DESCRIPCIÓN FÍSICA
Extensión 226 p. ;
Dimensiones 21 cm.
650 #7 - PUNTO DE ACCESO ADICIONAL DE MATERIA--TÉRMINO DE MATERIA
Término de materia o nombre geográfico como elemento de entrada Música y sociedad
Fuente del encabezamiento o término embne
9 (RLIN) 169553
650 04 - PUNTO DE ACCESO ADICIONAL DE MATERIA--TÉRMINO DE MATERIA
Término de materia o nombre geográfico como elemento de entrada Música-
Subdivisión cronológica S.XX.
9 (RLIN) 15401
650 #7 - PUNTO DE ACCESO ADICIONAL DE MATERIA--TÉRMINO DE MATERIA
Término de materia o nombre geográfico como elemento de entrada Estética musical
Fuente del encabezamiento o término embne
9 (RLIN) 12548
852 ## - LOCALIZACIÓN
Ubicación ES-MaACL
Número de control de estantería A-5239
Sublocalización o colección R.18440
Holdings
Estatus retirado Estado de pérdida Estado de daño No para préstamo Biblioteca de origen Biblioteca actual Ubicación en estantería Fecha de adquisición Fuente de adquisición Total de préstamos Signatura topográfica completa Código de barras Visto por última vez Precio de reemplazo Tipo de ítem Koha
        Biblioteca del Ateneo de Madrid Biblioteca del Ateneo de Madrid Sala Pecera Planta 1 17/01/2008     A-5239 1143182 23/02/2023 23/02/2023 Libro impreso